guess the laufey song no hints #15 - Statistics

General Stats
  • This quiz has been taken 65 times
    28 since last reset
  • The average score is 107 of 174
Answer Stats
Answer % Correct
a
100%
A
100%
I
100%
and
94%
me
94%
my
94%
My
94%
love
88%
the
88%
we
88%
be
82%
on
82%
to
82%
in
76%
that
76%
What
76%
for
71%
fall
65%
he
65%
know
65%
will
65%
with
65%
Would
65%
back
59%
But
59%
could
59%
didn't
59%
his
59%
if
59%
see
59%
See
59%
then
59%
there
59%
too
59%
up
59%
again
53%
at
53%
At
53%
Beautiful
53%
beautiful
53%
came
53%
curly
53%
dark
53%
hair
53%
have
53%
him
53%
It's
53%
left
53%
Looked
53%
moment
53%
right
53%
second
53%
sitting
53%
stranger
53%
tend
53%
want
53%
chair
47%
heart
47%
name
47%
newspaper
47%
Reading
47%
remain
47%
rude
47%
same
47%
stuck
47%
this
47%
train
47%
tube
47%
until
47%
ask
41%
exchanged
41%
fairytale
41%
felt
41%
few
41%
Grove
41%
hadn't
41%
Maybe
41%
occurred
41%
smiled
41%
stand
41%
stop
41%
swore
41%
wonder
41%
words
41%
would've
41%
catching
35%
collided
35%
Dared
35%
drop
35%
stare
35%
stayed
35%
thing
35%
commute
29%
doors
29%
fate
29%
Heard
29%
Innocent
29%
Ladbroke
29%
morning
29%
open
29%
crush
24%
No matching quizzes found
Score Distribution
Percent of People with Each Score
Percentile by Number Answered
Your Score History
You have not taken this quiz since the last reset